Es geschah in Wien Erinnerungen von Elsa Björkman-Goldschmidt

Bibliographic Details
Main Author: Björkman-Goldschmidt, Elsa, 1888-1982 (Author)
Other Authors: Schreiber, Renate, 1943- (Editor, Translator), Fischer, Margit (Author of introduction, etc.)
Format: Book
Language:German
Swedish
PhysicalDescription:419 s. ilustr. 24 cm
Published: Wien Böhlau c2007
ISBN:9783205776314
Subjects:

MARC

LEADER 00000nam a2200000 a 4500
001 vtls009954231
003 SK-MaSNL
005 20260425232650.0
008 240314s2007 au a g h 001 0bger
020 |a 9783205776314  |q (viaz.) 
040 |a SNK  |b slo  |c SNK  |e AACR2 
041 0 |a ger  |h swe 
043 |a e-au--- 
044 |a au  |a gw  |c AT  |c DE 
072 7 |a 821.11  |x Germánske literatúry  |2 konspekt 
072 7 |a 929  |x Biografie  |2 konspekt 
080 |a 821.113.6-055.2  |2 2001 
080 |a 821.112.6  |2 2001 
080 |a 929  |2 2001 
080 |a (436.1)  |2 2001 
080 |a (092)  |2 2001 
100 1 |a Björkman-Goldschmidt, Elsa,  |d 1888-1982  |4 aut  |9 479234 
245 1 0 |a Es geschah in Wien  |b Erinnerungen von Elsa Björkman-Goldschmidt  |c Renate Schreiber (Hg.) ; mit einem Geleitwort von Margit Fischer ; [Ü̈bers.: Renate Schreiber] 
260 |a Wien  |b Böhlau  |c c2007 
300 |a 419 s.  |b ilustr.  |c 24 cm 
500 |a Prel. zo švéd. 
500 |a Obsahuje reg. 
600 1 0 |a Björkman-Goldschmidt, Elsa,  |d 1888-1982  |2 SNKMA  |9 479234 
648 7 |a 20. stor.  |2 SNKPH  |9 275975 
650 0 7 |a švédske spisovateľky  |2 SNKPH  |9 125303 
650 0 7 |a švédska literatúra  |2 SNKPH  |9 1212 
651 7 |a Viedeň (Rakúsko)  |2 SNKPH  |9 25604 
655 7 |a biografie  |2 SNKPH  |9 27965 
700 1 |a Schreiber, Renate,  |d 1943-  |4 edt  |4 trl  |9 479235 
700 1 |a Fischer, Margit  |4 aui  |9 479236 
919 |a 978-3-205-77631-4 
999 |c 746005  |d 747935 
952 |a SNK  |b SNK  |y VYP  |7 0  |p 17A0634361  |o snkIC 138153  |i snk2009/19113  |8 2  |g 29.00  |0 0  |1 0  |4 0  |d 2009-09-28  |l 0  |r 2026-02-23 23:15:45  |w 2026-02-23